000 00482nam a2200157Ia 4500
003 GCL
008 140319s9999 xx 000 0 ara d
040 _aGCL /
_cGCL
082 0 4 _a920.71
_bس م
100 1 _aسليمان سليم البواب
245 1 0 _aمئة اوائل من الرجال /
_cسليمان سليم البواب
300 _a614 ص
490 _aالهيئة العامة للاستعلامات
_v0
650 0 4 _aالرجال - تراجم
942 _2ddc
_cBK
999 _c49037
_d49037